000 00437nam a2200169Ia 4500
003 GCL
008 140319s9999 xx 000 0 eng d
040 _aGCL /
_cGCL
082 0 4 _a621.37
_bS T
100 1 _aSCHNELL, L.
245 1 0 _aTechnology of Electrical Masurements /
_cSCHNELL, L.
260 _a[S.N] :
_bJOHN WILEY AND SONS. INC
300 _a409 P
650 0 4 _aELECTRIC MEASUREMENTS
650 0 4 _aMODELING
942 _2ddc
_cBK
999 _c16875
_d16875